000 00313nam a2200133Ia 4500
008 190216s9999||||xx |||||||||||||| ||und||
100 _aRobert A Alberty
245 0 _aPhysical Chemistry
250 _a6th Ed.
260 _bWiley Eastern Ltd
_c1983
300 _a824
650 _aChemistry-Chemistry
942 _cBK
999 _c2616
_d2616